Կլարա Ցետկին : (Record no. 507246)
[ view plain ]
| 000 -LEADER | |
|---|---|
| fixed length control field | 00861nam a2200205 a 4500 |
| 003 - CONTROL NUMBER IDENTIFIER | |
| control field | AM-YeHGA |
| 040 ## - CATALOGING SOURCE | |
| Original cataloging agency | AM-YeHGA |
| 090 ## - LOCALLY ASSIGNED LC-TYPE CALL NUMBER (OCLC); LOCAL CALL NUMBER (RLIN) | |
| -- | 510672 |
| 001 - CONTROL NUMBER | |
| control field | 000504044 |
| 005 - DATE AND TIME OF LATEST TRANSACTION | |
| control field | 20250618075904.0 |
| 008 - FIXED-LENGTH DATA ELEMENTS--GENERAL INFORMATION | |
| fixed length control field | 061016|1926 ai | |||||||||||||arm|d |
| 041 1# - LANGUAGE CODE | |
| Language code of text/sound track or separate title | arm |
| 100 ## - MAIN ENTRY--PERSONAL NAME | |
| Personal name | Բոյարսկայա, Ջ. |
| 9 (RLIN) | 5758 |
| 245 10 - TITLE STATEMENT | |
| Title | Կլարա Ցետկին : |
| Remainder of title | (Կենսագրական ակնարկ) / |
| Statement of responsibility, etc. | Ջ. Բոյարսկայա. |
| 260 ## - PUBLICATION, DISTRIBUTION, ETC. | |
| Place of publication, distribution, etc. | Մոսկվա : |
| Name of publisher, distributor, etc. | ԽՍՀՄ ժողովուրդների կենտրոնական հրատ., |
| Date of publication, distribution, etc. | 1926. |
| 300 ## - PHYSICAL DESCRIPTION | |
| Extent | 32 էջ : |
| Other physical details | դիմանկ. ; |
| Dimensions | 18 սմ. |
| 600 #0 - SUBJECT ADDED ENTRY--PERSONAL NAME | |
| Personal name | Ցետկին, Կլարա |
| 9 (RLIN) | 5551 |
| 650 14 - SUBJECT ADDED ENTRY--TOPICAL TERM | |
| Topical term or geographic name entry element | Արտասահմանյան երկրների կոմունիստական և բանվորական կուսակցությունների գործիչների կյանքն ու գործունեությունը |
| 942 ## - ADDED ENTRY ELEMENTS (KOHA) | |
| Source of classification or shelving scheme | Universal Decimal Classification |
| Koha item type | Գրքեր / Books |
| Withdrawn status | Lost status | Source of classification or shelving scheme | Damaged status | Not for loan | Collection | Home library | Current library | Date acquired | Total checkouts | Full call number | Barcode | Date last seen | Price effective from | Koha item type | Public note |
|---|---|---|---|---|---|---|---|---|---|---|---|---|---|---|---|
| Universal Decimal Classification | Kusikian Individual Collection | Fundamental Scientific Library | Fundamental Scientific Library | 11/03/2020 | Կուս/447 | FL0624261 | 11/03/2020 | 11/03/2020 | Գրքեր / Books | ILL Non-Circ. |
ՀՀ Գիտությունների ազգային ակադեմիայի հիմնարար գիտական գրադարան = Fundamental Scientific Library of NAS RA
All site content, except where otherwise noted, is licensed under a